<?xml version="1.0" encoding="UTF-8"?>
<record
    xmlns:xsi="http://www.w3.org/2001/XMLSchema-instance"
    xsi:schemaLocation="http://www.loc.gov/MARC21/slim http://www.loc.gov/standards/marcxml/schema/MARC21slim.xsd"
    xmlns="http://www.loc.gov/MARC21/slim">

  <leader>01856nam a2200301uu 4500</leader>
  <controlfield tag="001">1324059</controlfield>
  <controlfield tag="005">20260508075518.0</controlfield>
  <controlfield tag="008">130417e20120417                    eng  </controlfield>
  <datafield tag="020" ind1=" " ind2=" ">
    <subfield code="a">9780230113831</subfield>
  </datafield>
  <datafield tag="035" ind1=" " ind2=" ">
    <subfield code="a">1324059</subfield>
  </datafield>
  <datafield tag="040" ind1=" " ind2=" ">
    <subfield code="c">comduadb</subfield>
  </datafield>
  <datafield tag="041" ind1=" " ind2=" ">
    <subfield code="a">eng</subfield>
  </datafield>
  <datafield tag="082" ind1=" " ind2="4">
    <subfield code="a">370</subfield>
  </datafield>
  <datafield tag="100" ind1="1" ind2="0">
    <subfield code="a">Klein, Sheri R.</subfield>
    <subfield code="4">edt</subfield>
    <subfield code="e">edt</subfield>
    <subfield code="9">663538</subfield>
  </datafield>
  <datafield tag="245" ind1="1" ind2="0">
    <subfield code="a">Action research methods : plain and simple</subfield>
  </datafield>
  <datafield tag="250" ind1=" " ind2=" ">
    <subfield code="a">1. ed.</subfield>
  </datafield>
  <datafield tag="260" ind1=" " ind2=" ">
    <subfield code="a">Nueva York :</subfield>
    <subfield code="b">Palgrave MacMillan,</subfield>
    <subfield code="c">2012.</subfield>
  </datafield>
  <datafield tag="300" ind1=" " ind2=" ">
    <subfield code="a">226 p&#xE1;ginas</subfield>
  </datafield>
  <datafield tag="500" ind1=" " ind2=" ">
    <subfield code="a">GENERAL : Incluye referencias bibliogr&#xE1;ficas e &#xED;ndice.</subfield>
  </datafield>
  <datafield tag="520" ind1="3" ind2=" ">
    <subfield code="a">Among the plethora of action research books on the market, there is no one text exclusively devoted to understanding how to acquire and interpret research data. Action Research Methods provides a balanced overview of the quantitative and qualitative methodologies and methods for conducting action research within a variety of educational environments and community-based settings. The text provides balanced coverage of the historical and theoretical foundations for action research while addressing practical and ethical considerations in conducting action research. The breand range of chapter topics, from program evaluation to social justice action research, speaks to the diverse approaches that are available to action researchers today. Key terms and end-of-chapter activities are included to reinforce concepts and engage students and practitioners in critical reflection about action research.</subfield>
  </datafield>
  <datafield tag="650" ind1=" " ind2=" ">
    <subfield code="a">Investigaci&#xF3;n acci&#xF3;n en educaci&#xF3;n</subfield>
    <subfield code="9">32980</subfield>
  </datafield>
  <datafield tag="650" ind1=" " ind2="7">
    <subfield code="a">Investigaci&#xF3;n Educativa</subfield>
    <subfield code="2"></subfield>
    <subfield code="9">131253</subfield>
  </datafield>
  <datafield tag="650" ind1=" " ind2=" ">
    <subfield code="a">Calidad de la ense&#xF1;anza</subfield>
    <subfield code="9">131941</subfield>
  </datafield>
  <datafield tag="650" ind1=" " ind2=" ">
    <subfield code="a">Ense&#xF1;anza - Evaluaci&#xF3;n</subfield>
    <subfield code="9">38360</subfield>
  </datafield>
  <datafield tag="650" ind1=" " ind2=" ">
    <subfield code="a">M&#xE9;todos de investigaci&#xF3;n en Ciencias humanas y sociales</subfield>
    <subfield code="9">165647</subfield>
  </datafield>
  <datafield tag="650" ind1=" " ind2="7">
    <subfield code="a">Educaci&#xF3;n comunitaria</subfield>
    <subfield code="2">lemb</subfield>
    <subfield code="9">10939</subfield>
  </datafield>
  <datafield tag="942" ind1=" " ind2=" ">
    <subfield code="c">BOOK</subfield>
  </datafield>
  <datafield tag="999" ind1=" " ind2=" ">
    <subfield code="c">640963</subfield>
    <subfield code="d">640963</subfield>
  </datafield>
  <datafield tag="952" ind1=" " ind2=" ">
    <subfield code="0">0</subfield>
    <subfield code="1">0</subfield>
    <subfield code="4">0</subfield>
    <subfield code="7">0</subfield>
    <subfield code="8">GEN</subfield>
    <subfield code="a">BC</subfield>
    <subfield code="b">BC</subfield>
    <subfield code="d">2013-04-17</subfield>
    <subfield code="e">Ktedra</subfield>
    <subfield code="g">191920.00</subfield>
    <subfield code="i">C1172527</subfield>
    <subfield code="l">1</subfield>
    <subfield code="o">370.78 A188</subfield>
    <subfield code="p">0975486</subfield>
    <subfield code="r">2024-06-17 00:00:00</subfield>
    <subfield code="s">2024-05-15</subfield>
    <subfield code="t">1</subfield>
    <subfield code="w">2023-05-02</subfield>
    <subfield code="y">BOOK</subfield>
  </datafield>
</record>
